Matemática para armar 5 /

Guardado en:
Autor Principal: Chelle, María Teresita.
Otros Autores: Pontini, Marianella., Varettoni, Marcos.
Formato: Libro
Idioma:Undetermined
Publicado: Boulogne : Puerto de palos, 2022.
Edición:1a ed. 1a reimp.
Series:Libros para aprender
Materias:
Etiquetas: Agregar Etiqueta
Sin Etiquetas, Sea el primero en etiquetar este registro!
LEADER 01917nam a22002295a 4500
001 CEM.cems020935
008 240318s2022####xx############000#0#und#d
005 20240318143110.0
245 1 0 |a Matemática para armar 5 /  |c María Teresita Chelle, Marianella Pontini y Marcos Varettoni. 
250 |a 1a ed. 1a reimp. 
260 |a Boulogne :  |b Puerto de palos,  |c 2022. 
300 |a 208 p. 
490 1 |a Libros para aprender 
500 |a Edición especial para el Ministerio de Educación de la Nación. 
505 0 |a Números hasta 1.000.000 -- Recta numérica -- Sumas y restas resueltas de distinta manera -- Resolver y memorizar cálculos -- Geometría -- Números racionales -- Resolver divisiones de diferentes maneras -- Resto de la división -- Resolver problemas de combinaciones -- Diagonales en los cuadriláteros -- Cuadrados y rectángulos a partir de la circunferencia -- Sistema Métrico Legal -- Los millones -- Equivalencias entre fracciones -- Números con coma y la medición -- Ángulos en el triángulo -- Ángulos de los cuadriláteros -- Proporcionalidad -- Relación entre fracciones y división -- Equivalencia entre números racionales -- Cálculo mental con fracciones -- Uso de calculadora para números decimales -- Primas y pirámides -- Desarrollos planos de cuerpos -- Paralelismo y perpendicularidad -- Desarrollos planos -- Problemas sobre múltiplos -- Múltiplos y divisores -- Fracciones en la recta numérica -- Multiplicar por la unidad seguida de ceros -- Decimales y calculadora -- Decimales en la recta numérica -- Medir superficies con distintas unidades de medida 
020 |a 9789877646337 
100 1 |a Chelle, María Teresita. 
700 1 |a Pontini, Marianella. 
700 1 |a Varettoni, Marcos. 
653 |a Matemática 
859 |a CEMS  |b BIB. CEMS - Ccias. Educacion  |h 510  |i C418  |k CE  |p 29920.24  |t Ej.1  |3 5 
859 |a CEMS  |b BIB. CEMS - Ccias. Educacion  |h 510  |i C418  |k CE  |p 29924.24  |t Ej.2  |3 5